| 000 | 00388nam a2200133 4500 | ||
|---|---|---|---|
| 008 | 708 B246f | ||
| 020 | _a9728311044 | ||
| 082 |
_a708 _bB246f |
||
| 100 |
_aBo Bardi, Lina _96160 |
||
| 245 | _aSESC - Fábrica Da Pompépia | ||
| 260 |
_aLisboa _bEditorial Blau _c1996 |
||
| 300 |
_a16 p. _bIll (Col) _c16.5 x 24 cm |
||
| 650 |
_xArte Contemporáneo _xExhibición _xArquitectura _xBardi, Lina Do _96161 |
||
| 999 |
_c1394 _d1394 |
||